Belize : Staff Report for the 2014 Article IV Consultation.

KEY ISSUES Outlook and risks. The economy will remain vulnerable over the medium term, with sluggish real GDP growth, rising public debt and widening external current account deficits. International reserves could decline to uncomfortably low levels. The financial system would continue to be hampere...

Descrizione completa

Dettagli Bibliografici
Ente Autore: International Monetary Fund. Western Hemisphere Dept
Natura: Periodico
Lingua:English
Pubblicazione: Washington, D.C. : International Monetary Fund, 2014.
Serie:IMF Staff Country Reports; Country Report ; No. 2014/280
Accesso online:Full text available on IMF
LEADER 03152cas a2200241 a 4500
001 AALejournalIMF014696
008 230101c9999 xx r poo 0 0eng d
020 |c 5.00 USD 
020 |z 9781498311724 
022 |a 1934-7685 
040 |a BD-DhAAL  |c BD-DhAAL 
110 2 |a International Monetary Fund.  |b Western Hemisphere Dept. 
245 1 0 |a Belize :   |b Staff Report for the 2014 Article IV Consultation. 
264 1 |a Washington, D.C. :  |b International Monetary Fund,  |c 2014. 
300 |a 1 online resource (71 pages) 
490 1 |a IMF Staff Country Reports 
500 |a <strong>Off-Campus Access:</strong> No User ID or Password Required 
500 |a <strong>On-Campus Access:</strong> No User ID or Password Required 
506 |a Electronic access restricted to authorized BRAC University faculty, staff and students 
520 3 |a KEY ISSUES Outlook and risks. The economy will remain vulnerable over the medium term, with sluggish real GDP growth, rising public debt and widening external current account deficits. International reserves could decline to uncomfortably low levels. The financial system would continue to be hampered by high NPLs and low capital buffers, especially at a systemic bank. Main fiscal risks include a court decision that could lead to a larger than expected compensation to the former owners of the nationalized companies, weaknesses in a systemic bank, and the cost of the new public bank. Focus of the Consultation. Discussions focused on measures that would place public debt on a sustainable path; address weaknesses in the financial system, particularly in a systemic bank; buttress external sector resilience; and enhance competitiveness and inclusive growth. Key policy advice. ? Improve the primary fiscal balance to about 4.5 percent of GDP starting in 2015. This could be achieved mainly by allowing spending on goods and services to rise only in line with inflation; containing the expansion in the wage bill; requiring public workers to contribute to their pensions; and by widening the tax base and strengthening revenue administration. Active debt management, including refinancing of expensive debt with low-earning deposits (essentially from PetroCaribe), would support these efforts. ? Address banking sector vulnerabilities through improving capital buffers. ? Improve public financial management (PFM) to contain low-quality spending, strengthen budget formulation, preparation, and execution, and improve the coverage and accuracy of budget documents. ? Further improve the business environment to attract more private investment, boost competitiveness, and enhance job-creating and inclusive growth. Implementation of staff advice. Implementation of recent staff advice is mixed. The breathing room provided by the debt restructuring was not used to improve the primary fiscal balance. The authorities plan to review exemptions and zero-ratings under the GST. 
538 |a Mode of access: Internet 
830 0 |a IMF Staff Country Reports; Country Report ;  |v No. 2014/280 
856 4 0 |z Full text available on IMF  |u http://elibrary.imf.org/view/journals/002/2014/280/002.2014.issue-280-en.xml  |z IMF e-Library